| 000 | 00882nmc a2200313 a 4500 | ||
|---|---|---|---|
| 003 | AR-BaBNM | ||
| 005 | 20251128203236.0 | ||
| 008 | 067019s1974 ||||||||||||||000 | spa|| | ||
| 040 | _cAR-BaBNM | ||
| 100 | 1 |
_aMarx, Karl _d1818-1883 |
|
| 245 | 1 | 0 | _aFormaciones económicas precapitalistas |
| 250 | _a3ª ed. | ||
| 260 |
_aBuenos Aires _bAnteo _c1974 |
||
| 300 | 0 | _a101 p. | |
| 490 | 0 | _aPequeña biblioteca marxista leninista | |
| 500 | 0 | _aContiene referencias bibliográficas en notas a pie de página | |
| 650 | 4 | _aMARXISMO | |
| 650 | 4 | _aSOCIEDAD | |
| 650 | 4 | _aSOCIEDADES NO INDUSTRIALIZADAS | |
| 650 | 4 | _aSOCIEDADES INDUSTRIALES | |
| 650 | 4 | _aESTRUCTURA SOCIAL | |
| 650 | 4 | _aSISTEMAS SOCIALES | |
| 650 | 4 | _aHISTORIA ECONOMICA | |
| 650 | 4 | _aSOCIOLOGIA ECONOMICA | |
| 650 | 4 | _aSOCIOLOGIA POLITICA | |
| 650 | 4 | _aCAMBIO SOCIAL | |
| 942 | _cBK | ||
| 998 | _cSILVI | ||
| 999 |
_c2545 _d2545 |
||